| 000 | 00715nam a22002297a 4500 | ||
|---|---|---|---|
| 003 | OSt | ||
| 005 | 20140310182330.0 | ||
| 008 | 130313t xxu||||| |||| 00| 0 eng d | ||
| 020 | _a0750210850 | ||
| 050 |
_aQC 863.5 _b.P356 1994 |
||
| 082 |
_aGS 551.5 20 _bP313 1994 |
||
| 100 |
_aPeacock, Graham _921388 |
||
| 245 |
_aMeteorology / _cGraham Peacock. |
||
| 260 |
_aEngland : _bWayland Publishers Ltd, _c1994. |
||
| 300 |
_c29 cm. _a32 p. : _bcol. ill. ; |
||
| 650 |
_ameteorology _xJuvenile literature. _921389 |
||
| 650 |
_aMeteorology _xJuvenile literature. _xExperiments. _921390 |
||
| 650 |
_ameteorology _xExperiments. _921391 |
||
| 650 |
_aExperiments. _92007 |
||
| 942 |
_2lcc _cBK-GS |
||
| 999 |
_c11972 _d11972 |
||